[Event "HUN-chT 1516"]
[Site "Hungary"]
[Date "2015.12.06"]
[Round "4.10"]
[White "Szamoskozi, Gabor"]
[Black "Antal, Tibor Kende"]
[Result "0-1"]
[WhiteElo "2340"]
[BlackElo "2365"]
[PlyCount "135"]
[EventDate "2015.11.07"]
[EventType "team-tourn"]
[EventRounds "11"]
[EventCountry "HUN"]
[SourceTitle "CBM 169 Extra"]
[Source "ChessBase"]
[SourceDate "2015.12.18"]
[SourceVersion "1"]
[SourceVersionDate "2015.12.18"]
[SourceQuality "1"]
[WhiteTeam "Penzugyor"]
[BlackTeam "Paks"]
[WhiteTeamCountry "HUN"]
[BlackTeamCountry "HUN"]

1. e4 c5 2. Nf3 d6 3. Bc4 Nf6 4. d3 Nc6 5. c3 g6 6. 0-0 Bg7 7. h3 0-0 8. Qe2 Na5 9. Bb5 Bd7 10. Bxd7 Qxd7 11. b3 Rfc8 12. Bb2 Nh5 13. Qd2 Nc6 14. Na3 d5 15. Rad1 Rd8 16. Rfe1 dxe4 17. Rxe4 Nf6 18. Re2 Nd5 19. d4 Qf5 20. Qc2 Nf4 21. Re3 cxd4 22. Qxf5 gxf5 23. cxd4 e5 24. Nc2 e4 25. Nh4 Rd5 26. Kf1 Bf6 27. g3 Nd3 28. Rexd3 exd3 29. Rxd3 Rad8 30. Nf3 R5d7 31. Bc3 Ne5 32. Nxe5 Bxe5 33. Rf3 Bg7 34. Ne3 Bxd4 35. Bxd4 Rxd4 36. Rxf5 Rd2 37. a4 Rb2 38. Rb5 Rdd2 39. Ng4 Kg7 40. Rg5+ Kf8 41. Rb5 a6 42. Rf5 Rxb3 43. Ne5 Rd4 44. Rxf7+ Kg8 45. Rc7 Rxa4 46. Rc8+ Kg7 47. Rc7+ Kf6 48. Ng4+ Ke6 49. Rxh7 Ra1+ 50. Kg2 a5 51. Rh6+ Ke7 52. Rh7+ Kd6 53. h4 a4 54. Ne3 a3 55. Rh8 b5 56. h5 a2 57. Ra8 Rc3 58. h6 Rc7 59. Nf5+ Kc6 60. Ng7 Kb7 61. h7 Kxa8 62. h8Q+ Kb7 63. Ne6 Rg1+ 64. Kxg1 Rc1+ 65. Kg2 a1Q 66. Qh7+ Kb6 67. Nf4 Qa8+ 68. f3 0-1

[Event "HUN-chT 1516"]
[Site "Hungary"]
[Date "2015.11.29"]
[Round "3.11"]
[White "Papp, Petra"]
[Black "Antal, Tibor Kende"]
[Result "1/2-1/2"]
[WhiteElo "2303"]
[BlackElo "2365"]
[PlyCount "82"]
[EventDate "2015.11.07"]
[EventType "team-tourn"]
[EventRounds "11"]
[EventCountry "HUN"]
[SourceTitle "CBM 169 Extra"]
[Source "ChessBase"]
[SourceDate "2015.12.18"]
[SourceVersion "1"]
[SourceVersionDate "2015.12.18"]
[SourceQuality "1"]
[WhiteTeam "Budapest Titanok"]
[BlackTeam "Paks"]
[WhiteTeamCountry "HUN"]
[BlackTeamCountry "HUN"]

1. e4 e6 2. d4 d5 3. Nd2 Nf6 4. e5 Nfd7 5. f4 c5 6. Ngf3 Qb6 7. c3 Nc6 8. Nb3 a5 9. a4 Be7 10. Be2 f6 11. 0-0 c4 12. exf6 Nxf6 13. Nbd2 Ng4 14. Nb1 0-0 15. Ng5 Nf6 16. Kh1 Bd7 17. Nd2 h6 18. Ngf3 Ng4 19. Nb1 Rac8 20. Na3 Be8 21. Qc2 Bd6 22. Nh4 Nf6 23. Ng6 Bxg6 24. Qxg6 Ne7 25. Qc2 Nf5 26. Bf3 Nh4 27. Be2 Qc6 28. Nb5 Bb8 29. g3 Nf5 30. Bf3 Nd6 31. Nxd6 Bxd6 32. Re1 Rfe8 33. Bd2 Rb8 34. Re2 b5 35. axb5 Qxb5 36. Be3 Re7 37. Rae1 Kf7 38. Bc1 Qb3 39. Qd2 a4 40. g4 Qb7 41. Qc2 Qb3 1/2-1/2

[Event "HUN-chT U18"]
[Site "Budapest"]
[Date "2015.08.26"]
[Round "1.7"]
[White "Csontos, David"]
[Black "Antal, Tibor Kende"]
[Result "0-1"]
[WhiteElo "1609"]
[BlackElo "2351"]
[PlyCount "100"]
[EventDate "2015.08.26"]
[EventType "team-swiss"]
[EventRounds "8"]
[EventCountry "HUN"]
[SourceTitle "EXT 2016"]
[Source "ChessBase"]
[SourceDate "2015.10.08"]
[SourceVersion "1"]
[SourceVersionDate "2015.10.08"]
[SourceQuality "1"]

1. e4 c5 2. Nf3 d6 3. d4 cxd4 4. Nxd4 Nf6 5. Nc3 a6 6. Be2 e5 7. Nb3 Be6 8. g4 d5 9. g5 Nxe4 10. Nxe4 dxe4 11. Qxd8+ Kxd8 12. Be3 Nd7 13. 0-0-0 Kc7 14. Kb1 f5 15. gxf6 gxf6 16. Nd2 f5 17. Bc4 Re8 18. Bxe6 Rxe6 19. Nc4 b5 20. Na5 Bb4 21. Nb3 Rg8 22. a3 Bd6 23. c4 f4 24. c5 Be7 25. Bd2 Rg2 26. Ba5+ Kc6 27. Rd2 e3 28. fxe3 f3 29. Rhd1 Nxc5 30. Rc1 Rxd2 31. Nxd2 Kd5 32. Nxf3 Nb3 33. Rd1+ Ke4 34. Nd2+ Nxd2+ 35. Bxd2 Rh6 36. Rh1 Bg5 37. Kc2 Rh3 38. Kb3 Bxe3 39. Bxe3 Kxe3 40. Kb4 Kf2 41. Ka5 Rh6 42. Rc1 e4 43. Rc2+ Kf3 44. Rc8 Re6 45. Rf8+ Kg2 46. Rf7 e3 47. Rg7+ Kh1 48. Rxh7 e2 49. Rh3 e1Q+ 50. b4 Qd1 0-1

[Event "EU-chT U18"]
[Site "Karpacz"]
[Date "2015.07.19"]
[Round "7.5"]
[White "Antal, Tibor Kende"]
[Black "Bluebaum, Matthias"]
[Result "0-1"]
[WhiteElo "2363"]
[BlackElo "2589"]
[PlyCount "134"]
[EventDate "2015.07.13"]
[EventType "team-swiss"]
[EventRounds "7"]
[EventCountry "POL"]
[SourceTitle "CBM 167 Extra"]
[Source "ChessBase"]
[SourceDate "2015.09.14"]
[SourceVersion "1"]
[SourceVersionDate "2015.09.14"]
[SourceQuality "1"]
[WhiteTeam "Hungary (U18) II"]
[BlackTeam "Germany (U18)"]
[WhiteTeamCountry "HUN"]
[BlackTeamCountry "GER"]

1. c4 e6 2. Nf3 d5 3. g3 dxc4 4. Qa4+ Bd7 5. Qxc4 c5 6. Bg2 Bc6 7. 0-0 Nf6 8. Nc3 Nbd7 9. d3 Be7 10. Bf4 0-0 11. Ne5 Bxg2 12. Kxg2 Nb6 13. Qb3 Bd6 14. Nc4 Bxf4 15. Nxb6 axb6 16. gxf4 Qd6 17. e3 Qxd3 18. Qxb6 Nd5 19. Qxc5 Rfc8 20. Qd4 Qxd4 21. exd4 Nxf4+ 22. Kg3 Nd3 23. Rab1 Nxb2 24. Nb5 Nc4 25. Rfc1 Rxa2 26. Rb3 Nd6 27. Rxc8+ Nxc8 28. Nc3 Rc2 29. d5 Nd6 30. f3 h6 31. dxe6 fxe6 32. Ne4 Nf5+ 33. Kf4 Rc7 34. Ke5 Kf7 35. Rb6 Ne3 36. Kd6 Nd5 37. Rb3 Rc6+ 38. Ke5 b6 39. h4 Ke7 40. Ra3 Rc7 41. f4 Nb4 42. f5 Nc6+ 43. Kf4 exf5 44. Kxf5 b5 45. Re3 Kf8 46. Nd6 Re7 47. Ra3 Nd4+ 48. Kf4 Re6 49. Ra8+ Ke7 50. Ne4 Rb6 51. Ra7+ Kf8 52. Nc5 Kg8 53. Ke4 Nc6 54. Rc7 b4 55. Nb3 Kh7 56. Rd7 Rb5 57. Rc7 Na5 58. Nd4 Rb7 59. Rxb7 Nxb7 60. Kd5 Na5 61. Nc2 b3 62. Na3 Kg6 63. Kc5 Kh5 64. Kb4 Kxh4 65. Kxa5 g5 66. Kb4 g4 67. Nc4 g3 0-1

[Event "EU-chT U18"]
[Site "Karpacz"]
[Date "2015.07.18"]
[Round "6.13"]
[White "Sibashvili, Giorgi"]
[Black "Antal, Tibor Kende"]
[Result "1-0"]
[WhiteElo "2422"]
[BlackElo "2363"]
[PlyCount "135"]
[EventDate "2015.07.13"]
[EventType "team-swiss"]
[EventRounds "7"]
[EventCountry "POL"]
[SourceTitle "CBM 167 Extra"]
[Source "ChessBase"]
[SourceDate "2015.09.14"]
[SourceVersion "1"]
[SourceVersionDate "2015.09.14"]
[SourceQuality "1"]
[WhiteTeam "Nona (U18)"]
[BlackTeam "Hungary (U18) II"]
[WhiteTeamCountry "GEO"]
[BlackTeamCountry "HUN"]

1. c4 c6 2. d4 d5 3. cxd5 cxd5 4. Bf4 Nc6 5. e3 Bf5 6. Nc3 e6 7. Qb3 Qd7 8. Nf3 f6 9. Rc1 Bb4 10. a3 Bxc3+ 11. Qxc3 Nge7 12. Nd2 Ng6 13. Bg3 0-0 14. Nb3 Rac8 15. Qd2 e5 16. Bb5 a6 17. Be2 Rfd8 18. 0-0 Qe7 19. Rfd1 Nf8 20. dxe5 fxe5 21. Na5 Nxa5 22. Qxa5 Rxc1 23. Rxc1 Rd7 24. h3 Qd6 25. Bf3 Ng6 26. Qc5 Qxc5 27. Rxc5 Be6 28. Rc8+ Kf7 29. Rb8 Ke7 30. Bd1 Kd6 31. f4 exf4 32. exf4 Bf5 33. Bh2 Kc5 34. g4 Be4 35. f5 Ne7 36. Rh8 h6 37. h4 d4 38. f6 gxf6 39. Rxh6 Nd5 40. Kf2 d3 41. Ke1 f5 42. Ba4 Rg7 43. Bg1+ Kc4 44. Kd2 Nc3 45. bxc3 Rxg4 46. Bf2 Rg2 47. Ke3 Kxc3 48. Rd6 Rh2 49. Be1+ Kb2 50. Rb6+ Kc1 51. Ba5 d2 52. Rd6 Rh3+ 53. Kf2 Rh2+ 54. Kg3 Rg2+ 55. Kf4 Rf2+ 56. Ke3 Rf3+ 57. Ke2 b5 58. Bxd2+ Kb2 59. Bd1 Rxa3 60. Be3 Kc3 61. h5 Ra2+ 62. Rd2 Ra3 63. h6 f4 64. Bxf4 b4 65. Be5+ Kc4 66. Rd4+ Kc5 67. Rxe4 Kd5 68. Rh4 1-0

[Event "HUN-chT 1415"]
[Site "Hungary"]
[Date "2015.04.26"]
[Round "9.3"]
[White "Gara, Ticia"]
[Black "Antal, Tibor Kende"]
[Result "1-0"]
[WhiteElo "2331"]
[BlackElo "2324"]
[PlyCount "75"]
[EventDate "2014.10.12"]
[EventType "team-tourn"]
[EventRounds "9"]
[EventCountry "HUN"]
[SourceTitle "EXT 2016"]
[Source "ChessBase"]
[SourceDate "2015.10.08"]
[SourceVersion "1"]
[SourceVersionDate "2015.10.08"]
[SourceQuality "1"]
[WhiteTeam "Aquaprofit"]
[BlackTeam "Paks"]
[WhiteTeamCountry "HUN"]
[BlackTeamCountry "HUN"]

1. e4 c5 2. Nf3 d6 3. Bb5+ Nd7 4. d4 cxd4 5. Qxd4 Qc7 6. Nc3 Ngf6 7. Bg5 e5 8. Qd3 a6 9. Bxf6 axb5 10. Bg5 Nc5 11. Qxb5+ Qc6 12. Be3 Na4 13. Qxc6+ bxc6 14. Nd1 f5 15. exf5 e4 16. Nd4 c5 17. Nb5 Rb8 18. c4 Bxf5 19. b3 Nb6 20. Ndc3 Kd7 21. Bf4 Kc6 22. 0-0-0 Rd8 23. Rhe1 g6 24. Nxe4 d5 25. Ng5 Bh6 26. Re7 Nc8 27. Rc7+ Kb6 28. Nc3 dxc4 29. Na4+ Ka6 30. Nxc5+ Kb5 31. bxc4+ Kb4 32. Rd2 Rhe8 33. Kb2 Rxd2+ 34. Bxd2+ Kxc4 35. Nce4+ Kd3 36. Rc3+ Kd4 37. Be3+ Ke5 38. Rc5# 1-0